<?xml version="1.0" encoding="UTF-8"?><?xml-stylesheet type="text/xsl" href="static/style.xsl"?><OAI-PMH xmlns="http://www.openarchives.org/OAI/2.0/" xmlns:xsi="http://www.w3.org/2001/XMLSchema-instance" xsi:schemaLocation="http://www.openarchives.org/OAI/2.0/ http://www.openarchives.org/OAI/2.0/OAI-PMH.xsd"><responseDate>2026-04-17T00:51:19Z</responseDate><request verb="GetRecord" identifier="oai:www.recercat.cat:2445/119191" metadataPrefix="marc">https://recercat.cat/oai/request</request><GetRecord><record><header><identifier>oai:recercat.cat:2445/119191</identifier><datestamp>2025-12-04T20:36:40Z</datestamp><setSpec>com_2072_1057</setSpec><setSpec>col_2072_478800</setSpec><setSpec>col_2072_478917</setSpec><setSpec>col_2072_478921</setSpec></header><metadata><record xmlns="http://www.loc.gov/MARC21/slim" xmlns:dcterms="http://purl.org/dc/terms/" xmlns:xsi="http://www.w3.org/2001/XMLSchema-instance" xmlns:doc="http://www.lyncode.com/xoai" xsi:schemaLocation="http://www.loc.gov/MARC21/slim http://www.loc.gov/standards/marcxml/schema/MARC21slim.xsd">
   <leader>00925njm 22002777a 4500</leader>
   <datafield ind2=" " ind1=" " tag="042">
      <subfield code="a">dc</subfield>
   </datafield>
   <datafield ind2=" " ind1=" " tag="720">
      <subfield code="a">Martínez Sánchez, Lidia</subfield>
      <subfield code="e">author</subfield>
   </datafield>
   <datafield ind2=" " ind1=" " tag="720">
      <subfield code="a">Trenchs Sainz de la Maza, Victoria</subfield>
      <subfield code="e">author</subfield>
   </datafield>
   <datafield ind2=" " ind1=" " tag="720">
      <subfield code="a">Azkunaga Santibáñez, Beatriz</subfield>
      <subfield code="e">author</subfield>
   </datafield>
   <datafield ind2=" " ind1=" " tag="720">
      <subfield code="a">Nogué Xarau, Santiago</subfield>
      <subfield code="e">author</subfield>
   </datafield>
   <datafield ind2=" " ind1=" " tag="720">
      <subfield code="a">Ferrer Bosch, Nuria</subfield>
      <subfield code="e">author</subfield>
   </datafield>
   <datafield ind2=" " ind1=" " tag="720">
      <subfield code="a">García González, Elsa</subfield>
      <subfield code="e">author</subfield>
   </datafield>
   <datafield ind2=" " ind1=" " tag="720">
      <subfield code="a">Luaces Cubells, Carles</subfield>
      <subfield code="e">author</subfield>
   </datafield>
   <datafield ind2=" " ind1=" " tag="260">
      <subfield code="c">2018-01-22T10:44:35Z</subfield>
   </datafield>
   <datafield ind2=" " ind1=" " tag="260">
      <subfield code="c">2018-01-22T10:44:35Z</subfield>
   </datafield>
   <datafield ind2=" " ind1=" " tag="260">
      <subfield code="c">2015-11-26</subfield>
   </datafield>
   <datafield ind2=" " ind1=" " tag="260">
      <subfield code="c">2018-01-22T10:44:36Z</subfield>
   </datafield>
   <datafield ind2=" " ind1=" " tag="520">
      <subfield code="a">Objetivo. Analizar el impacto de la aplicación de medidas de mejora implementadas a partir de la evaluación de indicadores de calidad (IC) en la atención prestada a los pacientes pediátricos con intoxicación aguda. Método. Se compara el resultado actual de los IC con el estándar deseado y con el resultado obtenido en dos estudios previos. Estudio-1: evaluación de 6 IC básicos en los servicios de urgencias pediátricas (SUP) participantes en el Grupo de Trabajo de Intoxicaciones de la Sociedad Española de Urgencias Pediátricas (GTI-SEUP). Estudio-2: evaluación de los 20 IC en uno de los servicios de urgencias del GTI-SEUP. Tras la realización de los mismos se implementaron medidas correctoras: grupo de seguimiento de lavado gástrico, reedición del manual de intoxicaciones del GTI-SEUP, implementación del protocolo de atención al paciente intoxicado y creación de campos específicos en la historia clínica informatizada. Resultados. Estudio-1: se alcanza el estándar en 4 IC y mejora la disponibilidad de protocolos (el IC supera el estándar en el 100% de SUP vs el 29,2% previo; p &lt; 0,001) sin cambios significativos en el resto de IC. Estudio-2: se alcanza el estándar en 13 IC y mejora de los IC sobre cumplimentación de parte judicial (44,4% vs 19,2%; p = 0,036), registro del Conjunto Mínimo de Datos (51,0% vs 1,9%; p &lt; 0,001) y tendencia al aumento de administración de carbón activado en las primeras 2 horas (93,1% vs 83,5%; p = 0,099). No existen cambios significativos en el resto de IC. Conclusiones. La implementación de medidas correctoras ha dado lugar a una mejora en el resultado de algunos IC. La calidad de la asistencia de estos pacientes es aún mejorable.</subfield>
   </datafield>
   <datafield tag="653" ind2=" " ind1=" ">
      <subfield code="a">Intoxicació</subfield>
   </datafield>
   <datafield tag="653" ind2=" " ind1=" ">
      <subfield code="a">Control de qualitat de l'assistència mèdica</subfield>
   </datafield>
   <datafield tag="653" ind2=" " ind1=" ">
      <subfield code="a">Malalties dels infants</subfield>
   </datafield>
   <datafield tag="653" ind2=" " ind1=" ">
      <subfield code="a">Indicadors de salut</subfield>
   </datafield>
   <datafield tag="653" ind2=" " ind1=" ">
      <subfield code="a">Poisoning</subfield>
   </datafield>
   <datafield tag="653" ind2=" " ind1=" ">
      <subfield code="a">Quality control of medical care</subfield>
   </datafield>
   <datafield tag="653" ind2=" " ind1=" ">
      <subfield code="a">Children's diseases</subfield>
   </datafield>
   <datafield tag="653" ind2=" " ind1=" ">
      <subfield code="a">Health status indicators</subfield>
   </datafield>
   <datafield ind2="0" ind1="0" tag="245">
      <subfield code="a">Impacto de acciones de mejora desarrolladas a partir de indicadores de calidad en el tratamiento de las intoxicaciones agudas pediátricas</subfield>
   </datafield>
   <datafield ind2="0" ind1="0" tag="245">
      <subfield code="a">Impact of quality-indicator-based measures to improve the treatment of acute&#xd;
poisoning in pediatric emergency patients</subfield>
   </datafield>
</record></metadata></record></GetRecord></OAI-PMH>